000 00602cam a22002293a 4500
001 8221
003 PGUSA
005 20140828083153.0
008 050601s2005||||xxu|||||s|||||000 p eng d
040 _aPGUSA
_beng
042 _adc
050 4 _aPN
100 1 _aPerry, Bliss,
_d1860-1954
245 1 2 _aA Study of Poetry
_h[electronic resource] /
_cBliss Perry
260 _bProject Gutenberg,
_c2005
506 _aPublic domain in the USA.
516 _aElectronic text
653 _aPoetry
830 0 _aProject Gutenberg
_v8221
856 4 0 _uhttp://www.gutenberg.org/ebooks/8221
942 _cEB
999 _c237521
_d237521